ಫಿಸಿಕ್ಸ್ ಮತ್ತು ಐನ್ ಸ್ಟೈನ್ (Record no. 237836)
[ view plain ]
| 000 -LEADER | |
|---|---|
| fixed length control field | 00547nam a2200193Ia 4500 |
| 003 - CONTROL NUMBER IDENTIFIER | |
| control field | OSt |
| 005 - DATE AND TIME OF LATEST TRANSACTION | |
| control field | 20260127144554.0 |
| 008 - FIXED-LENGTH DATA ELEMENTS--GENERAL INFORMATION | |
| fixed length control field | 250729s2007 xx 000 0 und d |
| 040 ## - CATALOGING SOURCE | |
| Transcribing agency | AL |
| 041 ## - LANGUAGE CODE | |
| Language code of text/sound track or separate title | kan |
| 082 ## - DEWEY DECIMAL CLASSIFICATION NUMBER | |
| Classification number | 530 KRIP |
| 100 ## - MAIN ENTRY--PERSONAL NAME | |
| Personal name | ಕೃಷ್ಣಭಟ್ ಅಡ್ಯನಡ್ಕ |
| 9 (RLIN) | 227967 |
| 245 ## - TITLE STATEMENT | |
| Title | ಫಿಸಿಕ್ಸ್ ಮತ್ತು ಐನ್ ಸ್ಟೈನ್ |
| 260 ## - PUBLICATION, DISTRIBUTION, ETC. | |
| Place of publication, distribution, etc. | ಬೆಂಗಳೂರು |
| Date of publication, distribution, etc. | 2007 |
| 300 ## - PHYSICAL DESCRIPTION | |
| Extent | 132p |
| 650 ## - SUBJECT ADDED ENTRY--TOPICAL TERM | |
| Topical term or geographic name entry element | Physics |
| 9 (RLIN) | 227968 |
| 700 ## - ADDED ENTRY--PERSONAL NAME | |
| Personal name | ಕೃo Digumurthi |
| 9 (RLIN) | 227969 |
| 942 ## - ADDED ENTRY ELEMENTS (KOHA) | |
| Source of classification or shelving scheme | Dewey Decimal Classification |
| Koha item type | School of Education |
| Withdrawn status | Lost status | Damaged status | Not for loan | Home library | Current library | Date acquired | Source of acquisition | Cost, normal purchase price | Total Checkouts | Full call number | Barcode | Date last seen | Cost, replacement price | Price effective from | Koha item type |
|---|---|---|---|---|---|---|---|---|---|---|---|---|---|---|---|
| St Aloysius Library | St Aloysius Library | 07/29/2025 | ನವಕರ್ನಾಟಕ ಪಬ್ಲಿಕೇಷನ್ಸ್ | 250.00 | 530 KRIP | BED03155 | 07/29/2025 | 250.00 | 07/29/2025 | Book |